Statistics for Countries that Border Algeria

Click here to take the quiz!

General Stats

  • This quiz has been taken 616 times
  • The average score is 6 of 6

Answer Stats

Country % Correct
Tunisia
98%
Morocco
96%
Libya
96%
Mali
93%
Niger
91%
Mauritania
87%

Score Distribution

Percentile by Number Answered

Percent of People with Each Score

Your Score History

You have not taken this quiz